Ultimate Language Quiz - Statistics

General Stats
  • This quiz has been taken 70 times
  • The average score is 38 of 100
Answer Stats
Hint Answer % Correct
Hello my name is English
100%
Bonjour, je m'appelle French
98%
Ciao il mio nome è Italian
98%
Hola, mi nombre es Spanish
98%
Hallo Ich heisse German
94%
안녕 내 이름은 Korean
94%
مرحبا اسمي Arabic
92%
Olá meu nome é Portuguese
92%
Привет меня зовут Russian
92%
你好我的名字是 Chinese
88%
Hallo mijn naam is Dutch
82%
Γεια το όνομά μου είναι Greek
80%
こんにちは、私の名前は Japanese
78%
Hola el meu nom és Catalan
75%
שלום שמי הוא Hebrew
75%
हैलो मेरा नाम है Hindi
69%
Hej mitt namn är Swedish
69%
Aloha 'O koʻu inoa Hawaiian
67%
Здравей! Името ми е Bulgarian
65%
สวัสดีฉันชื่อ Thai
65%
Cześć, mam na imię Polish
61%
Привіт! Мене звати Ukrainian
61%
Გამარჯობა, ჩემი სახელია Georgian
57%
မင်္ဂလာပါ ကျွန်တော့်နာမည်ပါ။ Burmese
55%
Merhaba benim adım Turkish
55%
Прывітанне, мяне завуць Belarusian
51%
Здраво, моје име је Serbian
51%
ሃይ ስሜ Amharic
49%
Xin chao tên tôi la Vietnamese
49%
Բարեւ: Իմ անունն է Armenian
45%
Zdravo moje ime je Bosnian
45%
העלא מיין נאמען איז Yiddish
45%
Živijo, ime mi je Slovene
43%
Сайн уу миний нэрийг Mongolian
41%
Salam mənim adım Azerbaijani
39%
হ্যালো আমার নাম হচ্ছে Bengali
39%
Hej mit navn er Danish
39%
Halló ég heiti Icelandic
39%
Сәлем менің атым Kazakh
39%
សួរ​ស្ដី​ឈ្មោះ​របស់ខ្ញុំ​គឺ Khmer
39%
ສະບາຍດີຂ້ອຍຊື່ Lao
39%
Hallo my naam is Afrikaans
37%
Hei mitt navn er Norwegian
37%
வணக்கம் என் பெயர் Tamil
37%
Pozdrav moje ime je Croatian
35%
ہیلو! میرا نام ہے Urdu
35%
Helló az én nevem Hungarian
33%
Sveiki, mans vārds ir Latvian
33%
Здраво Моето име е Macedonian
33%
Helo fy enw i yw Welsh
33%
Pershendetje, emri im eshte Albanian
31%
Buna numele meu este Romanian
31%
Salam menin adym Turkmen
31%
Kaixo nire izena da Basque
29%
ހެލޯ އަހަރެންގެ ނަމަކީ Dhivehi
29%
Aluu! atiuvoq Greenlandic
29%
Bonjou non mwen Haitian Creole
29%
Салам менин атым Kyrgyz
29%
हॅलो माझे नाव आहे Marathi
29%
سلام زما نوم دی Pashto
29%
Talofa o lo'u igoa Samoan
27%
નમસ્કાર, મારું નામ છે Gujarati
25%
Hello ang akong ngalan Cebuano
24%
Ahoj jmenuji se Czech
24%
Saluton mia nomo estas Esperanto
24%
Hei minun nimeni on Finnish
24%
Kia ora ko toku ingoa Maori
24%
नमस्कार मेरो नाम हो Nepali
24%
Сәлам, минем исемем Tatar
24%
Dia duit is ainm dom Irish
22%
Hello nama saya ialah Malay
22%
ਸਤ ਸ੍ਰੀ ਅਕਾਲ ਮੇਰਾ ਨਾਮ ਹੈ Punjabi
22%
Hey mítt navn er Faroese
20%
Ahoj volám sa Slovak
20%
Салом номи ман Tajik
20%
Tere minu nimi on Estonian
16%
Ndewo aha m bụ Igbo
16%
Labas mano vardas yra Lithuanian
16%
Halo, namaku adalah Indonesian
14%
Merheba navê min Kurdish
14%
नमस्कार मम नाम अस्ति Sanskrit
14%
Salom mening ismim Uzbek
14%
Hello orukọ mi ni Yoruba
14%
Goeie myn namme is Frisian
10%
Ola, chámome Galician
10%
Allinllachu sutiyqa Quechua
10%
Halo is e m’ ainm Scottish
10%
Hello magacaygu waa Somali
10%
Hello jina langu ni Swahili
10%
Hola mi chjamu Corsican
8%
Halo jenengku Javanese
8%
Moien mäin Numm ass Luxembourgish
8%
Sanibonani igama lami ngingu Zulu
8%
Maitei che réra Guarani
6%
Hello jien jisimni Maltese
6%
ياخشىمۇسىز مېنىڭ ئىسمىم Uyghur
6%
Suma arunakax sutijawa Aymara
4%
Malo igama lam ngu Xhosa
4%
Ciao jeu hai num Romansh
2%
Hello nami abdi Sundanese
0%
No matching quizzes found
Score Distribution
Percent of People with Each Score
Percentile by Number Answered
Your Score History
You have not taken this quiz